NTA UGC NET SET JRF Teachiing and Research Aptitude: Previous Years Solved Papers 2012-2020: Paper I 2021/ (Record no. 178576)

MARC details
000 -LEADER
fixed length control field 00710nam a22001817a 4500
005 - DATE AND TIME OF LATEST TRANSACTION
control field 20210407105838.0
010 ## - LCCN (DPL NO)
LC control number ENG-129379
020 ## - INTERNATIONAL STANDARD BOOK NUMBER
Terms of availability 255.00
International Standard Book Number 978-93-544-9117-7
035 ## - SYSTEM CONTROL NUMBER
System control number EN-112911
037 ## - SOURCE OF ACQUISITION
Source of stock number/acquisition DBAD/PUB
082 ## - DEWEY DECIMAL CLASSIFICATION NUMBER
Classification number 370.78
100 ## - MAIN ENTRY--PERSONAL NAME
Personal name Madaan, K V S
245 ## - TITLE STATEMENT
Title NTA UGC NET SET JRF Teachiing and Research Aptitude: Previous Years Solved Papers 2012-2020: Paper I 2021/
Remainder of title K V S Madaan
260 ## - PUBLICATION, DISTRIBUTION, ETC. (IMPRINT)
Place of publication, distribution, etc Noida
Name of publisher, distributor, etc Pearson
Date of publication, distribution, etc 2021
270 ## - ADDRESS
Address 15th floor,Tower-B,Word Trade Tower,Plot no.1,Block-C sec 16,
City Noida
Postal code 201301
Telephone number 04466540100
Electronic mail address companysecretary.india@pearson.com
300 ## - PHYSICAL DESCRIPTION
Extent xl+320p.
Dimensions 25cm(pbk)
Other physical details Geometrical Diagrams and illustrations.
942 ## - ADDED ENTRY ELEMENTS (KOHA)
Source of classification or shelving scheme Dewey Decimal Classification
Item type English Books
Classification part 370.78
Call number suffix MAD
Holdings
Withdrawn status Lost status Not for loan Collection code Home library Current library Date acquired Source of acquisition Cost, normal purchase price Full call number Barcode Copy number Cost, replacement price Koha item type
      Non-fiction Bawana Bawana 07/04/2021 DBAD/PUB 255.00 370.78 MAD EN-112911 1 255.00 English Books

© Delhi Public Library
Hit Counter
free hit counter